Statistics for Key Moments in World History

Click here to take the quiz!

General Stats

  • This quiz has been taken 136 times
  • The average score is 26 of 39

Answer Stats

YearEventAnswer% Correct
4 B.C.The birth of ___Jesus
96%
29 A.D.The death of___Jesus
96%
1911Roald Amundsen reached the ___ PoleSouth
90%
1348-50A devastating pandemic known as the ___ ___kills over 100 million peopleBlack Death
89%
1909Robert Peary reached the ___PoleNorth
89%
1666 (2-5 Sep)The Great ___of London destroys about 70000 homes in the cityFire
87%
1815Battle of ___ in which Napoleon was defeatedWaterloo
86%
1776The declaration of ___ is signedIndependence
85%
1896First modern ___ Games held at AthensOlympic
82%
1939-19452nd ___ ___ takes placeWorld War
82%
1865___is abolished by the 13th Amendment in the United States of AmericaSlavery
81%
1492Christopher Columbus "discovers" the ___ ___New World
80%
1859On the Origin of Species by ___ ___is publishedCharles Darwin
79%
1848The ___Manifesto by Karl Marx and Friedrich Engels publishedCommunist
77%
1215The ___ ___, the first document limiting the powers of King of England is signedMagna Carta
77%
1497-98Vasco da Gama discovers the sea route from Europe to ___India
75%
1789Beginning of the___ RevolutionFrench
74%
1945Dropping of Atom Bombs on _____ and _____Hiroshima and Nagasaki
67%
1929Beginning of the Great ____Depression
65%
1337-1453England and France begin a war known as the ___ ___ ___100 years war
64%
1969Landing of Apollo 11 makes ___ ___ the first man on the surface of moonNeil Armstrong
62%
1991Dissolution of the ___USSR
62%
1922The nation known as The... comes into existenceUSSR
62%
1990The World Wide ___ is inventedWeb
61%
1917The...Revolution ends the Tsarist autocracyRussian
59%
1665-66Great Plague of ___ kills about 1 million people in the cityLondon
57%
1990Reunification of ___Germany
56%
1957Launch of ___, marks the beginning of space ageSputnik
53%
632The death of___Prophet Muhammed
52%
570The birth of ___Prophet Muhammed
52%
1986___nuclear disaster occursChernobyl
50%
1914-1918___ ___War breaks out1st World
49%
1757-1763___years war involving the great powers of the timeSeven
49%
1994End of ____ in South AfricaApartheid
48%
2001Terrorist attack on ___ ___ ___World Trade Center
48%
2004Disaster caused by a ___ in the Indian OceanTsunami
47%
1912The Republic of ___ is establishedChina
30%
2011Fukushima Daiichi ____ DisasterNuclear
30%
1954 – 1968The period of the _____ _____ MovementCivil Rights
17%

Score Distribution

Percentile by Number Answered

Percent of People with Each Score

Your Score History

You have not taken this quiz